| 000 | 00578nam a22001577a 4500 | ||
|---|---|---|---|
| 005 | 20120317161221.0 | ||
| 020 |
_a8126000953 _c15.00 |
||
| 035 | _aA-826175 | ||
| 037 |
_aDPL _bENG |
||
| 100 |
_aLokeswarananda, Swami _943892 |
||
| 245 |
_aMakers of indian literature Ramakrishna Paramahansa / _cby Swami Lokeswarananda |
||
| 260 |
_aNew Delhi _bSahitya Akademi _c1996 |
||
| 300 |
_avii, 96p. _c18 cms. |
||
| 942 |
_2ddc _cEN _h181.45 _mLOK |
||
| 999 |
_c64108 _d64108 |
||